000 00274nam a2200097Ia 4500
001 1226949
005 20250827093014.0
008 250824s9999 xx 000 0 und d
245 0 _aBEN BÜYÜYÜNCE
_cGÜLTEN DAYIOĞLU
260 _bALTIN KİTAPLAR YAYINLARI
999 _c1226949
_d1226949